Lập trình IoT với Arduino
Sách đề cung cấp kiến thức về IoT, thực hành với Arduino, cảm biến Arduino và truyền thông, và giao tiếp qua ehernet ......
Uloženo v:
| Hlavní autor: | |
|---|---|
| Další autoři: | |
| Médium: | Kniha |
| Jazyk: | Vietnamese |
| Vydáno: |
H.
Thanh niên
2019
|
| Edice: | Tủ sách STK
|
| Témata: | |
| Tagy: |
Přidat tag
Žádné tagy, Buďte první, kdo otaguje tento záznam!
|
| Thư viện lưu trữ: | Thư viện Trường Đại học Nam Cần Thơ |
|---|
| LEADER | 00976nam a22002177a 4500 | ||
|---|---|---|---|
| 001 | NCT_143502 | ||
| 008 | 181017b xxu||||| |||| 00| 0 vie d | ||
| 999 | |c 7388 |d 7388 | ||
| 020 | |a 9786049816567 |c 150000 | ||
| 082 | 0 | 4 | |2 23rd ed. |a 629.89 |b H100 |
| 100 | 1 | |a Lê Mỹ Hà | |
| 245 | 1 | 0 | |a Lập trình IoT với Arduino |c Lê Mỹ Hà, Phạm Quang Huy |
| 260 | |a H. |b Thanh niên |c 2019 | ||
| 300 | |a 462 tr. |b Minh họa |c 24cm | ||
| 490 | 0 | |a Tủ sách STK | |
| 520 | 3 | |a Sách đề cung cấp kiến thức về IoT, thực hành với Arduino, cảm biến Arduino và truyền thông, và giao tiếp qua ehernet ...... | |
| 653 | |a Công nghệ kỹ thuật ô tô | ||
| 700 | 1 | |a Phạm Quang Huy | |
| 942 | |2 ddc |c BK | ||
| 952 | |0 0 |1 0 |2 ddc |4 0 |6 629_890000000000000_H100 |7 0 |9 26561 |a 000001 |b 000001 |d 2022-12-26 |o 629.89 H100 |p MD.20969 |r 2022-12-26 |v 150000.00 |w 2022-12-26 |y BK | ||
| 980 | |a Thư viện Trường Đại học Nam Cần Thơ | ||


